Necesidad de instrumentos más eficaces para prevenir crisis /

Gespeichert in:
Bibliographische Detailangaben
1. Verfasser: Joshi, Bikas
Weitere Verfasser: Messmacher, Miguel
Format: Text
Schlagworte:
Tags: Tag hinzufügen
Keine Tags, Fügen Sie den ersten Tag hinzu!

MARC

LEADER 00000 a a2200000 04500
001 8128
003
040
100 |a Joshi, Bikas  
245 |a Necesidad de instrumentos más eficaces para prevenir crisis /  |c Bikas Joshi ; Miguel Messmacher 
650 |a POLITICA ECONOMICA  
700 |a Messmacher, Miguel  
773 |g volumen 35, número 14; páginas 211  
999 |c 27262  |d 27262